Matemáticas en la red (Record no. 18922)

MARC details
000 -LEADER
campo de control de longitud fija 01207nmc a2200373 a 4500
003 - IDENTIFICADOR DE NÚMERO DE CONTROL
campo de control AR-BaBNM
005 - FECHA Y HORA DE LA ÚLTIMA TRANSACCIÓN
campo de control 20251128211251.0
008 - DATOS DE LONGITUD FIJA--INFORMACIÓN GENERAL
campo de control de longitud fija 123020s2001 ||||||||||||||000 | spa||
020 ## - NÚMERO INTERNACIONAL ESTÁNDAR DEL LIBRO
Número Internacional Estándar del Libro 84-277-1364-9
040 ## - FUENTE DE CATALOGACIÓN
Centro/agencia transcriptor AR-BaBNM
100 1# - ENTRADA PRINCIPAL--NOMBRE DE PERSONA
Nombre de persona Gómez Chacón, Inés María
245 10 - MENCIÓN DEL TÍTULO
Título Matemáticas en la red
Resto del título Internet en el aula de secundaria
250 ## - MENCION DE EDICION
Mención de edición 1ª ed.
260 ## - PUBLICACIÓN, DISTRIBUCIÓN, ETC.
Lugar de publicación, distribución, etc. Madrid
Nombre del editor, distribuidor, etc. Narcea
-- Ministerio de Educación, Cultura y Deporte
Fecha de publicación, distribución, etc. 2001
300 0# - DESCRIPCIÓN FÍSICA
Extensión 157 p.
Otros detalles físicos il., tablas
Material acompañante/anejo 1 CD-ROM
490 #0 - MENCIÓN DE SERIE
Mención de serie Materiales 12-16 para educacion secundaria
500 0# - NOTA GENERAL
Nota general Solicitar el material complementario en Mediateca no. 750445
505 ## - NOTA DE CONTENIDO CON FORMATO
Título Planteamiento didáctico
505 ## - NOTA DE CONTENIDO CON FORMATO
Título Recursos, actividades de aprendizaje y evaluación
505 ## - NOTA DE CONTENIDO CON FORMATO
Título Proyectos telemáticos
505 ## - NOTA DE CONTENIDO CON FORMATO
Título Proyectos telemáticos
650 #4 - PUNTO DE ACCESO ADICIONAL DE MATERIA--TÉRMINO DE MATERIA
Término de materia o nombre geográfico como elemento de entrada PROYECTOS
650 #4 - PUNTO DE ACCESO ADICIONAL DE MATERIA--TÉRMINO DE MATERIA
Término de materia o nombre geográfico como elemento de entrada ENSENANZA DE LAS MATEMATICAS
650 #4 - PUNTO DE ACCESO ADICIONAL DE MATERIA--TÉRMINO DE MATERIA
Término de materia o nombre geográfico como elemento de entrada UNIDADES DE ENSENANZA
650 #4 - PUNTO DE ACCESO ADICIONAL DE MATERIA--TÉRMINO DE MATERIA
Término de materia o nombre geográfico como elemento de entrada CONCEPTOS MATEMATICOS
651 #4 - PUNTO DE ACCESO ADICIONAL DE MATERIA--NOMBRE GEOGRÁFICO
Nombre geográfico España
653 #0 - TÉRMINO DE INDIZACIÓN--NO CONTROLADO
Término no controlado EDUCACION SECUNDARIA
653 #0 - TÉRMINO DE INDIZACIÓN--NO CONTROLADO
Término no controlado ESTRATEGIAS DIDACTICAS
653 #0 - TÉRMINO DE INDIZACIÓN--NO CONTROLADO
Término no controlado INTERNET
700 ## - ENTRADA AGREGADA--NOMBRE PERSONAL
Nombre de persona Figueiras Ocaña, Lourdes
700 1# - ENTRADA AGREGADA--NOMBRE PERSONAL
Nombre de persona Marín Rodríguez, Margarita
942 ## - ELEMENTOS DE ENTRADA SECUNDARIOS (KOHA)
Tipo de ítem Koha Libros
998 ## - INFORMACIÓN DE CONTROL LOCAL (RLIN)
Iniciales del catalogador, CIN (RLIN) raquel
Holdings
Estatus retirado Estado de pérdida Fuente de la clasificación o esquema de estantería Estado de daño Restricciones de uso No para préstamo Biblioteca de origen Biblioteca actual Fecha de adquisición Total de préstamos Signatura topográfica completa Código de barras Visto por última vez Precio de reemplazo Tipo de ítem Koha
    Clasificación Decimal Dewey   Acceso restringido No para préstamo Liberty Liberty 28/11/2025   372.851 GOMZ 132517 28/11/2025 28/11/2025 Libros